000 00714nam a2200193 a 4500
001 000048308
005 20201002061048.0
008 181217s2004 dr r 000 0 spa d
040 _aDO-SdBNP
_bspa
_cBNPHU
082 _axxxx
_bA485p
100 1 _aAmarante, Héctor
_922989
245 1 0 _aPresencia de Duarte en Manhattan, Nueva York /
_cHéctor Amarante.
260 _aSanto Domingo :
_bUniversitaria-UASD,
_c2004.
300 _a30 p. ;
_c21 cm.
490 1 _aPublicaciones de la Universidad Autónoma de Santo Domingo
_v1140
500 _aIncluye dtos biográficos del autor en la pagina 31
590 _aInventariado, 2019/BT
830 0 _aPublicaciones de la Universidad Autónoma de Santo Domingo
_n1140
_975727
999 _c47796
_d47796